| 000 | 01659cam a2200409 a 4500 | ||
|---|---|---|---|
| 001 | 6005520 | ||
| 003 | ARRUPE | ||
| 005 | 20131211165125.0 | ||
| 008 | 060712s2006 enk b 001 0 eng | ||
| 020 | _a9781844650767 (hbk.) | ||
| 020 | _a1844650766 (hbk.) | ||
| 020 | _a1844650774 (pbk.) | ||
| 020 | _a9781844650774 (pbk.) | ||
| 024 | _a99937867912 | ||
| 035 | _a(OCoLC)ocm70882272\ | ||
| 035 | _a(OCoLC)70882272 | ||
| 035 | _a(NNC)6005520 | ||
| 040 |
_aUKM _cUKM _dBWKUK _dYDXCP _dBAKER _dBTCTA _dVP@ _dNLGGC _dOCLCQ _dOUP |
||
| 042 | _aukblcatcopy | ||
| 050 | 4 |
_aBD241 _bU55 2006 |
|
| 082 | 0 | 4 |
_a121.68 _222 |
| 084 |
_a08.25 _2bcl |
||
| 100 | 1 |
_aSchmidt, Lawrence K. _q(Lawrence Kennedy), _d1949- _95554 |
|
| 245 | 1 | 0 |
_aUnderstanding hermeneutics / _cLawrence K. Schmidt. |
| 260 |
_aStocksfield : _bAcumen, _c2006. |
||
| 300 |
_aviii, 184 p. ; _c22 cm. |
||
| 490 | 1 | _aUnderstanding movements in modern thought | |
| 504 | _aIncludes bibliographical references (p. 177-180) and index. | ||
| 505 | 0 | _aIntroduction: what is hermeneutics? -- 1. Schleiermacher's universal hermeneutics -- 2. Dilthey's hermeneutic understanding -- 3. Heidegger's hermeneutic ontology -- 4. Hermeneutics in the late Heidegger -- 5. Gadamer's theory of hermeneutic experience -- 6. Gadamer's ontological turn towards language -- 7. Hermeneutic controversies -- Questions for discussion and revision. | |
| 650 | 0 |
_aHermeneutics. _95555 |
|
| 650 | 1 | 7 |
_aHermeneutiek. _2gtt _95556 |
| 830 | 0 |
_aUnderstanding movements in modern thought. _95557 |
|
| 942 |
_2lcc _cMONOGRAPH |
||
| 948 | 1 |
_a20061212 _bc _cks26 _dMPS |
|
| 948 | 2 |
_a20100720 _ba _cjeb52 _dMPS |
|
| 999 |
_c119220 _d119220 |
||